| 000 | 00609nam a2200217 a 4500 | ||
|---|---|---|---|
| 999 |
_c2807 _d2807 |
||
| 001 | 2807 | ||
| 003 | BD-JhCC | ||
| 005 | 20171108202556.0 | ||
| 008 | 171106s1959 bg |||| ||a| 000 0 ben d | ||
| 035 | _a(BD-JhCC)2807 | ||
| 040 |
_aBD-JhCC _dBD-JhCC |
||
| 041 | _aben | ||
| 082 |
_a891.443 _bKHA 1959 |
||
| 100 | _aখান, রাজিয়া | ||
| 245 |
_aঅনুকল্প / _cরাজিয়া খান, |
||
| 260 |
_aঢাকা : _bসাহিত্য প্রকাশনী, _c1959 |
||
| 300 |
_a98 p. : _c20 cm. |
||
| 650 | _aBengali Novel | ||
| 942 |
_2ddc _cBK |
||